000 00620nam a2200181 i 4500
001 146219
003 ES-MaACL
005 20230906201445.0
007 t|
008 070905s1972 sp ||||1| spa d
100 1 _aTraserra Parareda, José.
_9111239
245 1 0 _aEnfermedades del oído y accidentes de tráfico
_b: coloquio /
_cJ. Traserra, M. Fairén.
260 _aZaragoza :
_b[Universidad. Cátedra de Otorrinolaringología],
_c1972.
300 _a255 p. ;
_c24 cm.
700 1 _aFairén, M.
_948654
710 2 _aUniversidad. Cátedra de Otorrinolaringología.
_97077
852 _aES-MaACL
_jC-48893
_bR.84317
999 _c146219
_d146219